<?xml version="1.0" encoding="UTF-8"?>
<record
    xmlns:xsi="http://www.w3.org/2001/XMLSchema-instance"
    xsi:schemaLocation="http://www.loc.gov/MARC21/slim http://www.loc.gov/standards/marcxml/schema/MARC21slim.xsd"
    xmlns="http://www.loc.gov/MARC21/slim">

  <leader>01187nam a2200193 a 4500</leader>
  <controlfield tag="001">ASIN0132222205</controlfield>
  <controlfield tag="005">20140530000158.0</controlfield>
  <controlfield tag="008">140529s2007    xxu                 eng d</controlfield>
  <datafield tag="020" ind1=" " ind2=" ">
    <subfield code="a">0132222205 (paperback)</subfield>
    <subfield code="c">$131.00</subfield>
  </datafield>
  <datafield tag="020" ind1=" " ind2=" ">
    <subfield code="a">9780132222204 (paperback)</subfield>
  </datafield>
  <datafield tag="100" ind1="1" ind2=" ">
    <subfield code="a">Deitel, Harvey M.</subfield>
  </datafield>
  <datafield tag="245" ind1="1" ind2="0">
    <subfield code="a">Java how to program, 7th edition /</subfield>
    <subfield code="c">Harvey M. Deitel, Paul J. Deitel.</subfield>
  </datafield>
  <datafield tag="250" ind1=" " ind2=" ">
    <subfield code="a">7th ed.</subfield>
  </datafield>
  <datafield tag="260" ind1=" " ind2=" ">
    <subfield code="a">[S.l.] :</subfield>
    <subfield code="b">Prentice Hall,</subfield>
    <subfield code="c">2007.</subfield>
  </datafield>
  <datafield tag="300" ind1=" " ind2=" ">
    <subfield code="a">1500 p. ;</subfield>
    <subfield code="c">23 cm.</subfield>
  </datafield>
  <datafield tag="520" ind1=" " ind2=" ">
    <subfield code="a">For introductory courses in Java Programming/CS 1 and for Intermediate/Advanced Java Programming courses. The Deitels' groundbreaking How to Program series offers unparalleled breadth and depth of object-oriented programming concepts and intermediate-level topics for further study. This survey of Java programming contains an extensive OOD/UML 2 case study on developing an automated teller machine. The Seventh Edition has been extensively fine-tuned and is completely up-to-date with Sun Microsystems, Inc.'s latest Java release-Java Standard Edition (Java SE) 6.</subfield>
  </datafield>
  <datafield tag="700" ind1="1" ind2=" ">
    <subfield code="a">Deitel, Paul J.</subfield>
  </datafield>
  <datafield tag="856" ind1="4" ind2="0">
    <subfield code="3">Amazon.com</subfield>
    <subfield code="u">http://www.amazon.com/exec/obidos/ASIN/0132222205/chopaconline-20</subfield>
  </datafield>
  <datafield tag="999" ind1=" " ind2=" ">
    <subfield code="c">4717</subfield>
    <subfield code="d">4717</subfield>
  </datafield>
  <datafield tag="952" ind1=" " ind2=" ">
    <subfield code="0">0</subfield>
    <subfield code="1">0</subfield>
    <subfield code="4">0</subfield>
    <subfield code="7">0</subfield>
    <subfield code="a">QUESTCL</subfield>
    <subfield code="b">QUESTCL</subfield>
    <subfield code="d">2014-05-30</subfield>
    <subfield code="g">1536.00</subfield>
    <subfield code="l">1</subfield>
    <subfield code="o">005.133DEI</subfield>
    <subfield code="p">39630</subfield>
    <subfield code="r">2018-12-06 00:00:00</subfield>
    <subfield code="s">2017-03-22</subfield>
    <subfield code="w">2014-05-30</subfield>
    <subfield code="y">BK</subfield>
    <subfield code="z">with C.D</subfield>
  </datafield>
  <datafield tag="952" ind1=" " ind2=" ">
    <subfield code="0">0</subfield>
    <subfield code="1">0</subfield>
    <subfield code="4">0</subfield>
    <subfield code="7">0</subfield>
    <subfield code="a">QUESTCL</subfield>
    <subfield code="b">QUESTCL</subfield>
    <subfield code="d">2014-05-30</subfield>
    <subfield code="g">1536.00</subfield>
    <subfield code="l">2</subfield>
    <subfield code="o">005.133DEI</subfield>
    <subfield code="p">39631</subfield>
    <subfield code="r">2023-11-07 00:00:00</subfield>
    <subfield code="s">2022-02-04</subfield>
    <subfield code="w">2014-05-30</subfield>
    <subfield code="y">BK</subfield>
    <subfield code="z">with C.D</subfield>
  </datafield>
</record>
